Komentár k zákonu Národnej rady Slovenskej republiky č. 202/1995 Z.z. z 20. septembra 1995 devízový zákon...
Komentár k zákonu NR SR č. 202/1995 Z.z. z 20. septembra 1995 devízový zákon a zákon, ktorým sa mení a dopĺňa zákon SNR č. 372/1990 Zb. o priestupkoch v znení neskorších predpisov, v znení zákona č. 45/1998 Z.z.
Salvato in:
| Autore principale: | |
|---|---|
| Natura: | Capitolo di libro |
| Lingua: | slovacco |
| Soggetti: | |
| Tags: |
Nessun Tag, puoi essere il primo ad aggiungerne!!
|
MARC
| LEADER | 00000naa a2200000 4500 | ||
|---|---|---|---|
| 001 | r033207 | ||
| 005 | 20230926072838.6 | ||
| 041 | 0 | |a slo | |
| 044 | |a SK | ||
| 245 | 1 | 0 | |a Komentár k zákonu Národnej rady Slovenskej republiky č. 202/1995 Z.z. z 20. septembra 1995 devízový zákon... |c Oľga Najšlová |
| 520 | |a Komentár k zákonu NR SR č. 202/1995 Z.z. z 20. septembra 1995 devízový zákon a zákon, ktorým sa mení a dopĺňa zákon SNR č. 372/1990 Zb. o priestupkoch v znení neskorších predpisov, v znení zákona č. 45/1998 Z.z. | ||
| 610 | 2 | 0 | |a devízy |
| 610 | 2 | 0 | |a predpisy devízové |
| 610 | 2 | 0 | |a kontrola |
| 610 | 2 | 0 | |a sankcie |
| 610 | 2 | 0 | |a zákony |
| 610 | 2 | 0 | |a Slovensko |
| 610 | 2 | 0 | |a komentáre |
| 610 | 2 | 0 | |a 1995-1998 |
| 100 | 1 | |a Najšlová, Oľga | |